00711nam a2200181 a 450000100100000000500170001000800410002704000250006808200170009311000490011024500740015926000700023330000330030350000340033659000270037095201150039799900170051200002310420200930022006.0101126s1959 waua r 001 0 spa d aDO-SdBNPbspacBNPHU axxxxxbA837a1 aAsociación Americana de Hospitales.94756810aadministración de registros de hospital :bmanual de instrucciones. aWashington, D. C. :bAsociación Americana de Hospitales,c1959. aviii, 76 p. :bil. ;c21 cm. aIncluye índice de materias. aInventariado, 2019 /LP 001050718MOaGRbGRcHDd2010-11-26iLF1l0oxxxxx A837ap23104-10r2020-06-25w2020-06-25y1ZNo se presta c22601d22601